KOHA-Header-6

Psychology: From Inquiry to Understanding (Record no. 13791)

000 -LEADER
fixed length control field 00347nam a22001337a 4500
020 ## - INTERNATIONAL STANDARD BOOK NUMBER
ISBN 9780134588209
082 ## - DEWEY DECIMAL CLASSIFICATION NUMBER
Classification number 150
100 ## - MAIN ENTRY--AUTHOR NAME
Personal name Scott O. Lilienfeld ; Steven J. Lynn ; Laura L. Namy
245 ## - TITLE STATEMENT
Title Psychology: From Inquiry to Understanding
250 ## - EDITION STATEMENT
Edition statement 4th edition
260 ## - PUBLICATION, DISTRIBUTION, ETC. (IMPRINT)
Place of publication USA
Name of publisher Pearson
Year of publication 2018
300 ## - PHYSICAL DESCRIPTION
Number of Pages XXXIV, 794 pages
942 ## - ADDED ENTRY ELEMENTS (KOHA)
Koha item type Books
Holdings
Withdrawn status Lost status Collection code Permanent Location Current Location Shelving location Date acquired Full call number Accession Number Koha item type
    Psychology MAJU MAJU Shelf No.A35 2023-08-29 150 10877 Psychology

Powered by Koha